000 00250nam a2200097Ia 4500
001 1049053
005 20250826232306.0
008 250824s9999 xx 000 0 und d
245 0 _aSÖZÜN EŞİĞİNDE
_cİHSAN FAZLIOĞLU
260 _bKETEBE YAYINLARI
999 _c1049053
_d1049053